000 00702cam a22002293a 4500
001 26054
003 PGUSA
005 20140828083548.0
008 080714s2008||||xxu|||||s|||||000 | eng d
040 _aPGUSA
_beng
042 _adc
050 4 _aND
100 1 _aMunsell, A. H.
_q(Albert Henry),
_d1858-1918
245 1 2 _aA Color Notation :
_bA measured color system, based on the three qualities Hue, Value and Chroma
_h[electronic resource] /
_cA. H. Munsell
260 _bProject Gutenberg,
_c2008
506 _aPublic domain in the USA.
516 _aElectronic text
653 _aColor
830 0 _aProject Gutenberg
_v26054
856 4 0 _uhttp://www.gutenberg.org/ebooks/26054
942 _cEB
999 _c255309
_d255309